| 000 | 00384nam a22001337a 4500 | ||
|---|---|---|---|
| 005 | 20260407104828.0 | ||
| 008 | 260407b |||||||| |||| 00| 0 eng d | ||
| 082 |
_a658.3 _bAGE-M |
||
| 245 | _aAn Agenda for Human Resource Development and Employment in Pakistan | ||
| 260 |
_aPakistan _bNational Manpower Commission |
||
| 300 | _a50 p. | ||
| 650 | _aManagement Science | ||
| 942 | _cBK | ||
| 999 |
_c47218 _d47218 |
||